000 00554nam a22001817a 4500
005 20251108165828.0
008 250721s1977 xx 000 0 ara d
082 1 4 _aم/591/أرس
100 1 _aطاليس، أرسطو
245 1 0 _aطباع الحيوان /
264 1 _aالكويت :
_bوكالة المطبوعات،
_c1977.
300 _a563ص : فهارس
650 1 7 _aالحيوان
700 1 _aبن البطريق، يوحنا
_eترجمة
700 1 _aبدوي، عبد الرحمن
_eتحقيق
942 _2ddc
_cREF
999 _c32321
_d32321